Dukan ve 50 şampiyon/ (Record no. 72091)
| 000 -BAŞLIK | |
|---|---|
| Sabit Uzunluktaki Kontrol Alanı | 01477nam a22004697a 4500 |
| 001 - KONTROL NUMARASI | |
| Control Dosyası | 0071340 |
| 003 - KONTROL NUMARASI KİMLİĞİ | |
| Kontrol Alanı | KOHA_MİRAKIL |
| 005 - EN SON İŞLEM TARİHİ ve ZAMANI | |
| Kontrol Alanı | 20260207005005.0 |
| 007 - FİZİKSEL TANIM SABİT ALAN - GENEL BİLGİ | |
| Sabit uzunluklu kontrol alanı | ta |
| 008 - SABİT UZUNLUKTAKİ VERİ ÖGELERİ - GENEL BİLGİ | |
| Sabit Alan | 240802b2015 tu |||gr||||#0|||0|tur | |
| 020 ## - ISBN - ULUSLARARASI STANDART KİTAP NUMARASI | |
| Isbn | 9786051426242 |
| 040 ## - KATALOGLAMA KAYNAĞI | |
| Özgün Kataloglama Kurumu | TR-BiSEU |
| Kataloglama Dili | tur |
| Çeviri Kurumu | TR-BiSEU |
| Açıklama Kuralları | rda |
| 041 0# - DİL KODU | |
| Metin ya da ses kaydının dil kodu | tur |
| 044 ## - YAYINLAYAN/ÜRETEN KURULUŞUN ÜLKE KODU | |
| ISO country code | tu |
| 050 ## - SINIFLAMA ve YER NUMARASI | |
| Sınıflama Numarası | RM222.2 |
| Yer Numarası | .D85 2015 |
| 100 1# - KİŞİ ADI | |
| Yazar Adı (Kişi adı) | Dukan, Pierre. |
| 245 1# - ESER ADI BİLDİRİMİ | |
| Başlık | Dukan ve 50 şampiyon/ |
| Sorumluluk Bildirimi | Pierre Dukan ; Pierre Dukan; editör Yeliz Üslü; fransızca metinler çevirmeni Burcu Bayındır Dramalı. |
| 264 #1 - ÜRERİM, YAYIN, DAĞITIM ve TELİF BİLDİRİMİ | |
| Yayın yeri | İstanbul : |
| Yayınlayan | Artemis Yayınları |
| Yayın tarihi | 2015 |
| 300 ## - FİZİKSEL TANIMLAMA | |
| Sayfa, Cilt vb. | 327 sayfa: resim; 21 cm. |
| 336 ## - İÇERİK TÜRÜ | |
| Content type term | metin |
| Content type code | txt |
| Source | rdacontent |
| 337 ## - MEDYA TÜRÜ | |
| Media type term | aracısız |
| Media type code | n |
| Source | rdamedia |
| 338 ## - TAŞIYICI TÜRÜ | |
| Carrier type term | cilt |
| Carrier type code | nc |
| Source | rdacarrier |
| 490 1# - DİZİ BİLDİRİMİ | |
| Dizi Bildirimi | AB ; |
| Cilt Numarası | 496. |
| 490 1# - DİZİ BİLDİRİMİ | |
| Dizi Bildirimi | ABG;223. |
| 490 1# - DİZİ BİLDİRİMİ | |
| Dizi Bildirimi | AÇ ; |
| Cilt Numarası | 414. |
| 490 1# - DİZİ BİLDİRİMİ | |
| Dizi Bildirimi | A;55 |
| 500 ## - GENEL NOT | |
| Genel Not | Dış kapak: Uluslararası çoksatar diyetin yaratıcısı. |
| 650 #0 - KONU BAŞLIĞI EK GİRİŞ - KONU TERİMİ | |
| Konusal terim veya coğrafi ad | Diyet--Yemek tarifleri. |
| 9 (RLIN) | 140366 |
| 650 #0 - KONU BAŞLIĞI EK GİRİŞ - KONU TERİMİ | |
| Konusal terim veya coğrafi ad | Beslenme--Diyet. |
| 9 (RLIN) | 4652 |
| 650 #0 - KONU BAŞLIĞI EK GİRİŞ - KONU TERİMİ | |
| Konusal terim veya coğrafi ad | Diyet--Popüler Çalışmalar. |
| 9 (RLIN) | 4654 |
| 650 #0 - KONU BAŞLIĞI EK GİRİŞ - KONU TERİMİ | |
| Konusal terim veya coğrafi ad | Sağlıklı yaşama--Zayıflama. |
| 9 (RLIN) | 140367 |
| 650 #0 - KONU BAŞLIĞI EK GİRİŞ - KONU TERİMİ | |
| Konusal terim veya coğrafi ad | Diet--Recipes. |
| 9 (RLIN) | 140368 |
| 650 #0 - KONU BAŞLIĞI EK GİRİŞ - KONU TERİMİ | |
| Konusal terim veya coğrafi ad | Nutrition--Diet. |
| 9 (RLIN) | 92627 |
| 650 #0 - KONU BAŞLIĞI EK GİRİŞ - KONU TERİMİ | |
| Konusal terim veya coğrafi ad | Diet--Popular Studies. |
| 9 (RLIN) | 140369 |
| 650 #0 - KONU BAŞLIĞI EK GİRİŞ - KONU TERİMİ | |
| Konusal terim veya coğrafi ad | Healthy living--Slimming. |
| 9 (RLIN) | 140370 |
| 830 1# - SERİ EK GİRİŞİ - TEKBİÇİM ESER ADI | |
| Tekbiçim Başlık | AB ; |
| Volume number/sequential designation | 496. |
| 9 (RLIN) | 51771 |
| 830 1# - SERİ EK GİRİŞİ - TEKBİÇİM ESER ADI | |
| Tekbiçim Başlık | ABG;223. |
| 9 (RLIN) | 140371 |
| 830 1# - SERİ EK GİRİŞİ - TEKBİÇİM ESER ADI | |
| Tekbiçim Başlık | AÇ ; |
| Volume number/sequential designation | 414. |
| 9 (RLIN) | 77587 |
| 830 1# - SERİ EK GİRİŞİ - TEKBİÇİM ESER ADI | |
| Tekbiçim Başlık | A;55 |
| 9 (RLIN) | 140372 |
| 907 ## - LOCAL DATA ELEMENT G, LDG (RLIN) | |
| a | Sağlık |
| 942 ## - EK GİRİŞ ÖGELERİ (KOHA) | |
| Source of classification or shelving scheme | Library of Congress Classification |
| Koha item type | Book |
| Materyal Türü | Kalıcı Konum | Mevcut Konum | Raf Yeri | Sınıflandırma Kaynağı | Edinim Bilgisi | Ana Konular | Alt Konular | Yer Numarası | Demirbaş Numarası | Fatura Tarihi | Geri Çekilme Durumu | Kayıp Durumu | Hasarlı Durumu | Kredi için değil | Kayıt Tarih | Toplam Ödünçverme | Son Görülme Tarihi | Son Kontrol Tarihi | Genel / Bağış Notu |
|---|---|---|---|---|---|---|---|---|---|---|---|---|---|---|---|---|---|---|---|
| Book | Prof. Dr. Azmi Özcan Kütüphanesi | Prof. Dr. Azmi Özcan Kütüphanesi | Birûni Salonu | Library of Congress Classification | Bağış | TIP | Tedavi ediciler, Farmakoloji | RM222.2 .D85 2015 | 0071340 | 02/02/2026 | 02/08/2024 | 17/03/2025 | 17/03/2025 | Edibe BEKİN |
